Wordt geladen...

അന്ധകാരനഴി /

Bibliografische gegevens
Hoofdauteur: സന്തോഷ് കുമാർ, ഇ. 1969-
Formaat: Printed Book
Taal:Malayalam
Gepubliceerd in: കോഴിക്കോട് : മാതൃഭൂമി ബുക്‌സ് , 2016.
Editie:5th ed.
Onderwerpen:
LEADER 00794nam a22001937a 4500
008 170320b2016 ii ||||| |||| 00| f mal d
020 |a 9788182666474 
041 |a mal 
082 |a 853.5S8  
100 |a  സന്തോഷ് കുമാർ, ഇ.  |9 1581812  |d 1969- 
245 |a അന്ധകാരനഴി /  |c ഇ.സന്തോഷ് കുമാർ. 
246 |a Andhakaranazhi 
250 |a 5th ed. 
260 |a  കോഴിക്കോട് :   |b മാതൃഭൂമി ബുക്‌സ് ,  |c 2016. 
300 |a 463pages. 
650 7 |a Malayalam fiction  |2 fast  |9 1069248 
942 |c BK  |2 ddc 
999 |c 235384  |d 235384 
952 |0 0  |1 0  |4 0  |6 853_000000000000000_5S8_AND  |7 0  |9 261339  |a MAL  |b MAL  |c ST1  |d 2017-03-20  |g 300.00  |l 8  |o 853.5S8 AND  |p MAL39060  |q 2022-01-23  |r 2021-12-23  |s 2021-12-23  |w 2017-03-20  |y BK